000 00581nam a22001577a 4500
082 _a621
100 _aJunaid, Muhammad Osama
245 _aMathematical Modeling of Intake and Exhaust Valve Flow and correlation with Valve Lift /
_cMuhammad Osama Junaid
260 _aIslamabad :
_bSMME - NUST,
_c2013.
300 _a67 p. ;
_c30cm.
650 _aMechanical Engineering-MS-Thesis
_916090
700 _aDr. Samiur Rahman Shah
_916204
856 _uhttp://10.250.8.41:8080/xmlui/handle/123456789/12688
942 _2ddc
_cTHE
999 _c541112
_d541112